Music Quiz

Random Music or Singers Quiz

Sporcle's Easiest Music Quiz Stats

 Plays Quiz Updated Jan 21, 2016

Challenge
Share
Tweet
Embed
Score 0/30 Timer 05:00
1 Play Today
Hint Answer % Correct
Michael Jackson solo studio albumsThriller
78.9%
Michael Jackson solo studio albumsBad
54.9%
Mambo No. 5 girlsMonica
54.6%
Mambo No. 5 girlsJessica
52.1%
Rolling Stone 100 greatest singersMichael Jackson
50.5%
Mambo No. 5 girlsRita
48.7%
Rolling Stone 100 greatest singersElvis Presley
43.8%
Beatles songs (studio album tracks)Yellow Submarine
42.3%
Mambo No. 5 girlsSandra
38.5%
Beatles songs (studio album tracks)Let It Be
37.6%
Beatles songs (studio album tracks)Help!
37.1%
Artists who hit #1 (2000s)Beyoncé
36.7%
Mambo No. 5 girlsTina
34.1%
Rolling Stone 100 greatest singersElton John
32.1%
Rolling Stone 100 greatest singersJohn Lennon
32%
Hint Answer % Correct
Rolling Stone 100 greatest singersAretha Franklin
27.2%
Artists who hit #1 (2000s)Katy Perry/Lady Gaga
26.1%
Michael Jackson solo studio albumsOff the Wall
23.8%
Things* mentioned in 'We Didn't Start the Fire'Doris Day
23.4%
Things* mentioned in 'We Didn't Start the Fire'Marilyn Monroe
19.5%
Artists who hit #1 (2000s)Justin Timberlake
18.6%
Things* mentioned in 'We Didn't Start the Fire'Richard Nixon
15%
Michael Jackson solo studio albumsDangerous
14.1%
Things* mentioned in 'We Didn't Start the Fire'Red China
13.9%
Things* mentioned in 'We Didn't Start the Fire'Harry Truman
12.7%
Beatles songs (studio album tracks)A Hard Day's Night
12.5%
Michael Jackson solo studio albumsHIStory (Continues)
11.5%
Beatles songs (studio album tracks)Please Please Me
6.8%
Artists who hit #1 (2000s)Black Eyed Peas
5.8%
Artists who hit #1 (2000s)Shakira
3.6%

You're not logged in!

Compare scores with friends on all Sporcle quizzes.
OR
Log In

You Might Also Like...

Show Comments

Extras

Top Quizzes Today


Score Distribution

Your Account Isn't Verified!

In order to create a playlist on Sporcle, you need to verify the email address you used during registration. Go to your Sporcle Settings to finish the process.

Report this User

Report this user for behavior that violates our Community Guidelines.

Details: